| 000 | 006130000a22001930004500 | ||
|---|---|---|---|
| 090 |
_aAS _bSERIADAS |
||
| 245 | 1 | 0 | _aPeces ophidiiformes del Atlántico Occidental tropical con especial énfasis en el mar Caribe colombiano |
| 651 | 4 |
_pColombia _lMar Caribe _992749 |
|
| 690 |
_aPeces marinos _9100416 |
||
| 690 |
_aInventarios de peces _997463 |
||
| 690 |
_aListas de especies _928152 |
||
| 041 | 0 | _aEspañol | |
| 041 | 0 | _aInglés | |
| 044 | _aColombia | ||
| 700 | 1 |
_aAcero P., Arturo _97522 |
|
| 100 | 1 |
_aGarrido Linares, Manuel _9100429 |
|
| 942 | _cARTICULO | ||
| 773 | 1 |
_tBiota Colombiana _h2 _q283-299 _d2006 _g7 |
|
| 999 |
_c16240 _d16240 |
||